America's Smartest Cities (2010) Quiz Stats

 Plays Quiz not verified by Sporcle

Score 0/20 Timer 03:00
0 Plays Today
Rank City % Correct
16New York City, NY
95.1%
1Boston, MA
89.7%
3San Francisco-Oakland-San Jose, CA
83.7%
6Seattle-Tacoma, WA
79.5%
9Washington, DC
73%
14Philadelphia, PA
70.3%
11Portland, OR
66.2%
18San Diego, CA
63.2%
20Baltimore, MD
59.1%
5Denver,CO
58.2%
Rank City % Correct
8Minneapolis-St. Paul, MN
56.7%
7Austin, TX
54.4%
17Cleveland, OH
48.2%
19Columbus, OH
41.3%
2Hartford-New Haven, CT
38.8%
15Milwaukee, WI
36.5%
4Raleigh-Durham, N.C.
36.2%
13Salt Lake City, UT
34.1%
12Kansas City, MO
32.6%
10Rochester, NY
13.6%

You're not logged in!

Compare scores with friends on all Sporcle quizzes.
OR
Log In

Show Comments

Extras

Top Quizzes Today


Score Distribution

Your Account Isn't Verified!

In order to create a playlist on Sporcle, you need to verify the email address you used during registration. Go to your Sporcle Settings to finish the process.

Report this User

Report this user for behavior that violates our Community Guidelines.

Details: